Vocabulaire anglais - Statistics

General Stats
  • This quiz has been taken 138 times
  • The average score is 3 of 24
Answer Stats
French English % Correct
durable sustainable
43%
inondation flood
40%
réchauffement climatique global warming
31%
sécheresse drought
30%
biocarburant bio-fuel
24%
la faune et la flore fauna and flora
15%
catastrophe écologique ecological disaster
14%
l'énergie éolienne wind energy
14%
gaz à effet de serre greenhouse gases
9%
sauvegarde preservation
9%
déchets toxiques toxic waste
8%
défenseur de l'environnement advocate for the environment
6%
problèmes liés à l'environnement environmental issues
6%
marée noire oil spill
6%
polluant / substance polluante pollutant
6%
pénurie en eau water shortage / scarcity
6%
l'eau potable drinking water
5%
espèce en voie d'extinction / de disparition endangered species
4%
agriculture biologique organic farming
4%
préservation de la nature nature conservation
3%
protéger la faune et la flore / les animaux sauvages to protect wildlife
3%
la hausse du niveau de la mer rising sea levels
1%
la fonte des calottes glacières the melting of the ice caps
1%
nuire à l'environnement to harm the environment
1%
No matching quizzes found
Score Distribution
Percent of People with Each Score
Percentile by Number Answered
Your Score History
You have not taken this quiz